000 00511nam a2200181Ia 4500
005 20250326141840.0
008 250326s9999 xx 000 0 und d
037 _aTextbook
040 _aFMSL
_beng
_cFMSL
041 _aeng
_2eng
084 _aX:8.44 M4
_qFMSL
100 _aDE Nitish R
245 0 _aAlternative designs of human organisation
_cDE Nitish R
260 _aNew Delhi
_bNew Delhi, Sage Publication
_c1984
300 _a240p
942 _cTB
_hX:8.44 M4
999 _c1292273
_d1292273